[Event "4NCL"]
[Site "De Vere, Wokefield Park, ENG"]
[Date "2011.02.19"]
[Round "5.18"]
[White "Williams, Samuel G"]
[Black "Shridhar Mitesh"]
[Result "1-0"]
[WhiteElo "2190"]
[BlackElo "2118"]
[PlyCount "76"]
[EventDate "2011.??.??"]
[WhiteTeam "Sambuca Sharks"]
[BlackTeam "Cambridge University 1"]

1. d4 Nf6 2. c4 e6 3. Nc3 Bb4 4. Qc2 Nc6 5. Nf3 d6 6. Bd2 Qe7 7. a3 Bxc3 8.
Bxc3 e5 9. d5 Nb8 10. e3 O-O 11. Bd3 Nbd7 12. Nd2 Nc5 13. Be2 c6 14. b4 Ncd7
15. e4 cxd5 16. cxd5 Ne8 17. O-O f5 18. exf5 Nb6 19. Bd3 Kh8 20. f4 Nxd5 21.
fxe5 Qc7 22. Bd4 Qxc2 23. Bxc2 dxe5 24. Bc5 Rf7 25. Bb3 Nec7 26. Rae1 b6 27.
Rxe5 Bb7 28. Bd6 Rd8 29. Ne4 Rfd7 30. Bxc7 Nxc7 31. Ng5 Rf8 32. Rd1 Rxd1+ 33.
Bxd1 Rc8 34. Nf7+ Kg8 35. Nd6 Rd8 36. Bb3+ Bd5 37. Nb7 Rb8 38. Bxd5+ Nxd5 1-0

[Event "4NCL"]
[Site "De Vere, Wokefield Park, ENG"]
[Date "2011.02.19"]
[Round "5.18"]
[White "Spencer, Carl J"]
[Black "Varnam, Liam D"]
[Result "1-0"]
[WhiteElo "2166"]
[BlackElo "2112"]
[PlyCount "79"]
[EventDate "2011.??.??"]
[WhiteTeam "Cambridge University 1"]
[BlackTeam "Sambuca Sharks"]

1. e4 e5 2. Nf3 Nc6 3. d4 exd4 4. Nxd4 Nf6 5. Nxc6 bxc6 6. e5 Qe7 7. Qe2 Nd5 8.
c4 Nb6 9. Nc3 Qe6 10. Qe4 Bb4 11. Bd2 Bxc3 12. Bxc3 d5 13. cxd5 cxd5 14. Qb4
Nd7 15. Bb5 c6 16. Ba4 Nb6 17. Bc2 Nd7 18. O-O Ba6 19. Rfe1 c5 20. Qh4 g6 21.
Bd1 h5 22. Qg3 O-O-O 23. Ba5 Rdg8 24. Rc1 Kb8 25. Qa3 Rc8 26. f4 Bb7 27. Bf3 a6
28. Red1 g5 29. Qb3 c4 30. Qb4 Rc5 31. Qd2 gxf4 32. Bb4 Rcc8 33. Qxf4 Ka8 34.
Bd6 Nc5 35. Rc3 Nd3 36. Qd4 Rc6 37. b3 Rcc8 38. bxc4 dxc4 39. Qb6 Qd7 40. Qxa6#
1-0

[Event "4NCL"]
[Site "De Vere, Wokefield Park, ENG"]
[Date "2011.02.19"]
[Round "5.18"]
[White "York-Andersen, Anna"]
[Black "Chevannes, Sabrina L"]
[Result "0-1"]
[WhiteElo "1874"]
[BlackElo "2062"]
[PlyCount "118"]
[EventDate "2011.??.??"]
[WhiteTeam "Sambuca Sharks"]
[BlackTeam "Cambridge University 1"]

1. e4 c6 2. d4 d5 3. exd5 cxd5 4. c4 Nf6 5. Nc3 g6 6. Nf3 Bg7 7. Qb3 O-O 8. Bf4
Nc6 9. cxd5 Na5 10. Qd1 Nxd5 11. Be5 f6 12. Bg3 Be6 13. Be2 Rc8 14. Qd2 Nxc3
15. bxc3 Nc4 16. Qc1 Qa5 17. O-O Nb6 18. Qe3 Bf7 19. Rfe1 Nd5 20. Qe4 Rxc3 21.
Rec1 Rfc8 22. Rxc3 Qxc3 23. Re1 Qa5 24. Bd3 Qxa2 25. h4 f5 26. Qe2 Qxe2 27.
Rxe2 Rc3 28. Bc2 b5 29. Ne5 Bxe5 30. Bxe5 b4 31. Kh2 b3 32. Bb1 Rc1 33. Rb2 Nb4
34. Bb8 a5 35. Bf4 Rd1 36. d5 Bxd5 37. Bd2 e6 38. Bxb4 axb4 39. f3 Kf7 40. Kg3
Kf6 41. Kf4 e5+ 42. Ke3 f4+ 43. Ke2 Rh1 44. Be4 Be6 45. Kd3 Rxh4 46. Ke2 Rh2
47. Kf2 h5 48. Ke2 g5 49. Kf1 Rh1+ 50. Kf2 Rh2 51. Re2 Rh1 52. Rb2 Ra1 53. Bb1
Ra2 54. Re2 Rxe2+ 55. Kxe2 Bf5 56. Bxf5 Kxf5 57. Kd2 g4 58. Kd3 gxf3 59. gxf3
h4 0-1

[Event "4NCL"]
[Site "De Vere, Wokefield Park, ENG"]
[Date "2011.02.20"]
[Round "6.11"]
[White "Parker, Jonathan F"]
[Black "Adams, Michael"]
[Result "1/2-1/2"]
[WhiteElo "2531"]
[BlackElo "2723"]
[PlyCount "112"]
[EventDate "2011.??.??"]
[WhiteTeam "Barbican 4NCL 1"]
[BlackTeam "Pride & Prejudice"]

1. d4 Nf6 2. c4 e6 3. Nf3 b6 4. e3 Bb7 5. Bd3 d5 6. cxd5 exd5 7. Nc3 Bd6 8. O-O
O-O 9. Qc2 c5 10. dxc5 bxc5 11. Rd1 Nc6 12. a3 Ne5 13. Nxe5 Bxe5 14. f4 Bd6 15.
b4 cxb4 16. Nb5 a5 17. axb4 Rc8 18. Qe2 Bxb4 19. Bb2 Re8 20. Nd4 Rc7 21. Bb5
Rf8 22. Bd3 Bc8 23. Rdc1 Bd7 24. Nf5 Rxc1+ 25. Rxc1 Bxf5 26. Bxf5 Qe7 27. Be5
Bd6 28. Bxf6 Qxf6 29. Bb1 g6 30. g3 Re8 31. Qd3 Qb2 32. Rd1 Bc7 33. Kh1 a4 34.
Bc2 Qa2 35. Rb1 Rb8 36. Rxb8+ Bxb8 37. Qc3 a3 38. Qc8+ Kg7 39. Qxb8 Qxc2 40.
Qe5+ Kg8 41. Qe8+ Kg7 42. Qe5+ f6 43. Qe7+ Kh6 44. Qxa3 Qf2 45. Qd3 Kg7 46. Qd1
h5 47. Qg1 Qd2 48. Qg2 Qd3 49. Qf2 Kf7 50. Kg2 Ke6 51. h3 Qe4+ 52. Kh2 Qd3 53.
Kg2 g5 54. fxg5 fxg5 55. Qf8 Qe2+ 56. Kh1 Qe1+ 1/2-1/2

[Event "4NCL"]
[Site "De Vere, Wokefield Park, ENG"]
[Date "2011.02.20"]
[Round "6.11"]
[White "Howell, David W L"]
[Black "Turner, Matthew J"]
[Result "1/2-1/2"]
[WhiteElo "2608"]
[BlackElo "2517"]
[PlyCount "31"]
[EventDate "2011.??.??"]
[WhiteTeam "Pride & Prejudice"]
[BlackTeam "Barbican 4NCL 1"]

1. e4 e5 2. Nf3 Nf6 3. Nxe5 d6 4. Nf3 Nxe4 5. c4 Be7 6. Nc3 Nxc3 7. dxc3 Nc6 8.
Qc2 Bg4 9. Bd3 Bxf3 10. gxf3 Ne5 11. Be2 d5 12. Rg1 Bf6 13. c5 d4 14. cxd4 Qxd4
15. Be3 Qd5 16. Qa4+ 1/2-1/2

[Event "4NCL"]
[Site "De Vere, Wokefield Park, ENG"]
[Date "2011.02.20"]
[Round "6.11"]
[White "Devereaux, Maxim L"]
[Black "Hebden, Mark L"]
[Result "1/2-1/2"]
[WhiteElo "2385"]
[BlackElo "2558"]
[PlyCount "120"]
[EventDate "2011.??.??"]
[WhiteTeam "Barbican 4NCL 1"]
[BlackTeam "Pride & Prejudice"]

1. e4 e5 2. Nf3 Nc6 3. Bb5 a6 4. Ba4 Nf6 5. O-O Be7 6. Re1 b5 7. Bb3 O-O 8. h3
Bb7 9. d3 d6 10. c3 Na5 11. Bc2 c5 12. Nbd2 Re8 13. Nf1 g6 14. Ng3 Bf8 15. Bd2
Nc6 16. Bb3 Na5 17. Bc2 Qc7 18. b4 Nc6 19. Bb3 Rad8 20. Bg5 Bg7 21. Qd2 Nb8 22.
Nh2 Rc8 23. Qe3 Nbd7 24. Ng4 Nxg4 25. hxg4 Nf8 26. Bh6 Qe7 27. f3 cxb4 28. cxb4
Rc3 29. Bxg7 Kxg7 30. Ne2 Rc7 31. Rac1 Rec8 32. Rxc7 Rxc7 33. d4 Nd7 34. d5 Nf6
35. Kf2 Bc8 36. g5 Ne8 37. Rc1 Rxc1 38. Nxc1 Qc7 39. Ne2 f6 40. gxf6+ Nxf6 41.
Ke1 Bd7 42. Kd2 h5 43. a3 Ng8 44. Qc3 Qxc3+ 45. Nxc3 Kf6 46. Bd1 Ne7 47. Be2
Nc8 48. Ke3 Nb6 49. Bf1 h4 50. Be2 g5 51. Kf2 g4 52. fxg4 Kg5 53. g3 h3 54. Kg1
Bxg4 55. Bf1 Bd7 56. Kh2 Kg4 57. Be2+ Kg5 58. Bf1 Kg4 59. Be2+ Kg5 60. Bf1 Kg4
1/2-1/2

[Event "4NCL"]
[Site "De Vere, Wokefield Park, ENG"]
[Date "2011.02.20"]
[Round "6.11"]
[White "Jones, Gawain CB"]
[Black "Collins, Sam E"]
[Result "1/2-1/2"]
[WhiteElo "2593"]
[BlackElo "2436"]
[PlyCount "71"]
[EventDate "2011.??.??"]
[WhiteTeam "Pride & Prejudice"]
[BlackTeam "Barbican 4NCL 1"]

1. e4 e5 2. Nf3 Nc6 3. d4 exd4 4. Nxd4 Nf6 5. Nxc6 bxc6 6. e5 Ne4 7. Qf3 Ng5 8.
Qg3 Ne6 9. Nc3 d6 10. Bd3 g6 11. Ne4 dxe5 12. Qxe5 Bg7 13. Qg3 O-O 14. O-O Rb8
15. Rb1 f5 16. Ng5 f4 17. Nxe6 fxg3 18. Nxd8 gxf2+ 19. Rxf2 Bd4 20. Bc4+ Kg7
21. Nf7 Rxf7 22. Bxf7 Bxf2+ 23. Kxf2 Kxf7 24. b3 Bf5 25. Rb2 h5 26. Bf4 Rd8 27.
c4 Rd7 28. Re2 Re7 29. Rd2 Rd7 30. Rxd7+ Bxd7 31. Ke3 Bf5 32. Kd4 Bb1 33. Kc3
Ke6 34. Bxc7 Kd7 35. Bf4 Kc8 36. g3 1/2-1/2

[Event "4NCL"]
[Site "De Vere, Wokefield Park, ENG"]
[Date "2011.02.20"]
[Round "6.11"]
[White "D'Costa, Lorin AR"]
[Black "Flear, Glenn C"]
[Result "1/2-1/2"]
[WhiteElo "2441"]
[BlackElo "2495"]
[PlyCount "37"]
[EventDate "2011.??.??"]
[WhiteTeam "Barbican 4NCL 1"]
[BlackTeam "Pride & Prejudice"]

1. c4 c6 2. Nf3 d5 3. e3 Nf6 4. Nc3 e6 5. b3 Nbd7 6. Bb2 Bd6 7. Qc2 O-O 8. Be2
Re8 9. O-O dxc4 10. Bxc4 b5 11. Be2 Bb7 12. d4 a6 13. Rfd1 Qc7 14. Ne4 Nxe4 15.
Qxe4 c5 16. Qh4 Be7 17. Qg3 Qxg3 18. hxg3 Rac8 19. Bc1 1/2-1/2

[Event "4NCL"]
[Site "De Vere, Wokefield Park, ENG"]
[Date "2011.02.20"]
[Round "6.11"]
[White "Ward, Chris G"]
[Black "Knott, Simon JB"]
[Result "1-0"]
[WhiteElo "2449"]
[BlackElo "2333"]
[PlyCount "141"]
[EventDate "2011.??.??"]
[WhiteTeam "Pride & Prejudice"]
[BlackTeam "Barbican 4NCL 1"]

1. d4 Nf6 2. c4 g6 3. Nc3 d5 4. Nf3 Bg7 5. Bg5 dxc4 6. e4 c5 7. d5 b5 8. d6 Bb7
9. e5 Ne4 10. Nxe4 Bxe4 11. Qe2 Bd3 12. Qd2 Qd7 13. Bxd3 cxd3 14. Qxd3 exd6 15.
O-O-O O-O 16. Qxd6 Qxd6 17. Rxd6 Rc8 18. e6 fxe6 19. Re1 Bf8 20. Rdxe6 Nc6 21.
Rd1 a5 22. Rd7 a4 23. Bf6 a3 24. Kb1 axb2 25. Bxb2 Rd8 26. Rxd8 Nxd8 27. Rb6 b4
28. Ne5 Bg7 29. Nd3 Rc8 30. Bxg7 Kxg7 31. Rd6 h6 32. Nxc5 Rxc5 33. Rxd8 Rc4 34.
Kb2 Re4 35. Rd2 g5 36. Kb3 g4 37. Rc2 h5 38. Rc4 Re2 39. Rf4 Kg6 40. h3 Kg5 41.
Rf8 gxh3 42. gxh3 Kh4 43. f4 Kxh3 44. f5 Rf2 45. f6 Rf4 46. f7 Kh4 47. Ka4 Kh3
48. Kb5 h4 49. Kc5 Kh2 50. Rh8 Rxf7 51. Rxh4+ Kg3 52. Rxb4 Rf5+ 53. Kb6 Rf6+
54. Ka7 Rf7+ 55. Ka6 Rf6+ 56. Kb7 Rf7+ 57. Kb6 Rf6+ 58. Kc5 Rf5+ 59. Kd6 Rf6+
60. Ke5 Ra6 61. a4 Kf3 62. Kd5 Ke3 63. Kc5 Kd3 64. Kb5 Ra8 65. a5 Rb8+ 66. Ka4
Ra8 67. Rh4 Kc3 68. Kb5 Rb8+ 69. Kc6 Rg8 70. Rh7 Ra8 71. Kb6 1-0

[Event "4NCL"]
[Site "De Vere, Wokefield Park, ENG"]
[Date "2011.02.20"]
[Round "6.11"]
[White "Cox, John J"]
[Black "Emms, John M"]
[Result "1/2-1/2"]
[WhiteElo "2407"]
[BlackElo "2475"]
[PlyCount "118"]
[EventDate "2011.??.??"]
[WhiteTeam "Barbican 4NCL 1"]
[BlackTeam "Pride & Prejudice"]

1. c4 c5 2. g3 g6 3. Bg2 Bg7 4. Nc3 Nc6 5. Nf3 e6 6. d3 Nge7 7. Bg5 h6 8. Bd2
d5 9. Rb1 b6 10. a3 a5 11. O-O O-O 12. Qc1 Kh7 13. Qc2 Ba6 14. Na4 Rc8 15. Rfc1
Qc7 16. Qb3 Rb8 17. Qa2 dxc4 18. dxc4 Rfd8 19. e3 Ne5 20. Nxe5 Rxd2 21. Nf3
Rdd8 22. Qb3 Nf5 23. Qc2 Nd6 24. b3 Bb7 25. Rd1 Kg8 26. Ne1 Bxg2 27. Nxg2 Qc6
28. Nf4 b5 29. cxb5 Nxb5 30. Rxd8+ Rxd8 31. Rc1 Bf8 32. Qa2 Qf3 33. Qe2 Qxe2
34. Nxe2 Nxa3 35. Nxc5 Rc8 36. Nd7 Rxc1+ 37. Nxc1 Bb4 38. Kf1 Nb5 39. Ke2 Ba3
40. Kd2 Kg7 41. Nd3 f6 42. Nb8 Na7 43. e4 Kf7 44. e5 Ke7 45. exf6+ Kxf6 46.
Nd7+ Ke7 47. N7e5 g5 48. Ke3 Bd6 49. Ke4 h5 50. f4 gxf4 51. Nxf4 Bxe5 52. Kxe5
Nc6+ 53. Ke4 e5 54. Nxh5 Nd4 55. Kxe5 Nxb3 56. Kd5 Nd2 57. Kc5 Nf1 58. h4 Kf7
59. g4 Nh2 1/2-1/2

[Event "4NCL"]
[Site "De Vere, Wokefield Park, ENG"]
[Date "2011.02.20"]
[Round "6.11"]
[White "Sahl, Sheila"]
[Black "Bhatia, Kanwal K"]
[Result "1-0"]
[WhiteElo "2173"]
[BlackElo "2087"]
[PlyCount "47"]
[EventDate "2011.??.??"]
[WhiteTeam "Pride & Prejudice"]
[BlackTeam "Barbican 4NCL 1"]

1. e4 e5 2. f4 d5 3. exd5 c6 4. Nc3 exf4 5. Nf3 Bd6 6. d4 Ne7 7. Bc4 O-O 8. O-O
Bg4 9. Bb3 Nf5 10. Qd3 Qf6 11. Ne4 Qh6 12. Nxd6 Nxd6 13. Ne5 Bf5 14. Qe2 g5 15.
Bd2 Kg7 16. Bb4 Re8 17. Rae1 Na6 18. Ba3 Nb5 19. dxc6 Nxa3 20. bxa3 Rf8 21. Qc4
Be6 22. d5 Bf5 23. Kh1 Nc7 24. cxb7 1-0

[Event "4NCL"]
[Site "De Vere, Wokefield Park, ENG"]
[Date "2011.02.20"]
[Round "6.12"]
[White "Mestel, A Jonathan"]
[Black "McDonald, Neil"]
[Result "1/2-1/2"]
[WhiteElo "2484"]
[BlackElo "2460"]
[PlyCount "37"]
[EventDate "2011.??.??"]
[WhiteTeam "The AD's"]
[BlackTeam "Wood Green Hilsmark 2"]

1. c4 f5 2. d4 Nf6 3. g3 g6 4. Bg2 Bg7 5. Nh3 O-O 6. Nc3 d6 7. d5 Nbd7 8. Be3
Ne5 9. Qb3 c5 10. Ng5 a6 11. a4 Rb8 12. f4 Neg4 13. Bd2 Ne8 14. h3 Ngf6 15. O-O
b6 16. e4 fxe4 17. Rae1 Nc7 18. Ngxe4 Bd7 19. Qc2 1/2-1/2

[Event "4NCL"]
[Site "De Vere, Wokefield Park, ENG"]
[Date "2011.02.20"]
[Round "6.12"]
[White "Greet, Andrew N"]
[Black "Jirka, Jiri"]
[Result "1-0"]
[WhiteElo "2451"]
[BlackElo "2424"]
[PlyCount "53"]
[EventDate "2011.??.??"]
[WhiteTeam "Wood Green Hilsmark 2"]
[BlackTeam "The AD's"]

1. d4 d5 2. c4 c6 3. Nf3 Nf6 4. e3 Bf5 5. Nc3 e6 6. Nh4 Be4 7. f3 Bg6 8. Qb3
Qb6 9. Nxg6 hxg6 10. Bd2 Bd6 11. c5 Qxb3 12. axb3 Rxh2 13. Rxh2 Bxh2 14. b4
Bg3+ 15. Kd1 e5 16. b5 exd4 17. exd4 cxb5 18. Bxb5+ Nc6 19. Na2 O-O-O 20. Bxc6
bxc6 21. Nb4 Kd7 22. Rxa7+ Bc7 23. Na6 Rc8 24. Ba5 Ne8 25. Nxc7 Nxc7 26. b4 g5
27. Kc2 1-0

[Event "4NCL"]
[Site "De Vere, Wokefield Park, ENG"]
[Date "2011.02.20"]
[Round "6.12"]
[White "Cernousek, Lukas"]
[Black "Trent, Lawrence"]
[Result "1-0"]
[WhiteElo "2410"]
[BlackElo "2442"]
[PlyCount "81"]
[EventDate "2011.??.??"]
[WhiteTeam "The AD's"]
[BlackTeam "Wood Green Hilsmark 2"]

1. d4 Nf6 2. c4 g6 3. g3 Bg7 4. Bg2 O-O 5. Nc3 d6 6. Nf3 Nbd7 7. O-O e5 8. e4
a6 9. Qc2 exd4 10. Nxd4 Re8 11. Rd1 Rb8 12. h3 Qe7 13. a4 Nc5 14. Bg5 Ne6 15.
Nd5 Qd8 16. Nxe6 Bxe6 17. a5 Bxd5 18. cxd5 b6 19. Bd2 Nd7 20. Rac1 bxa5 21.
Qxc7 Qxc7 22. Rxc7 Nc5 23. Bf4 Bf8 24. Rxc5 dxc5 25. Bxb8 Rxb8 26. e5 Rxb2 27.
d6 Rb8 28. Bd5 Bh6 29. Rd3 Bg5 30. Rf3 Rf8 31. Rc3 Bd8 32. Rxc5 Kg7 33. Rc6 Re8
34. f4 g5 35. Rxa6 gxf4 36. gxf4 Bh4 37. Ra7 Rf8 38. e6 Bf6 39. e7 Bd4+ 40. Kg2
Bxa7 41. d7 1-0

[Event "4NCL"]
[Site "De Vere, Wokefield Park, ENG"]
[Date "2011.02.20"]
[Round "6.12"]
[White "Hanley, Craig A"]
[Black "Richardson, John R"]
[Result "1/2-1/2"]
[WhiteElo "2433"]
[BlackElo "2307"]
[PlyCount "104"]
[EventDate "2011.??.??"]
[WhiteTeam "Wood Green Hilsmark 2"]
[BlackTeam "The AD's"]

1. d4 Nf6 2. c4 e6 3. Nf3 d5 4. g3 Bb4+ 5. Bd2 Be7 6. Bg2 O-O 7. O-O dxc4 8.
Qa4 Bd7 9. Qxc4 Bc6 10. Nc3 Ne4 11. Bf4 Bd6 12. Qd3 Nxc3 13. bxc3 Bxf4 14. gxf4
Qd5 15. c4 Qe4 16. Qd2 Rd8 17. d5 exd5 18. Nd4 Qg6 19. Nxc6 Nxc6 20. cxd5 Ne7
21. e4 c6 22. Qb2 cxd5 23. Qxb7 Qf6 24. e5 Qe6 25. Rad1 a6 26. Rd3 Rab8 27. Qc7
Rbc8 28. Qa5 Qg4 29. Qxa6 Ng6 30. Rg3 Qxf4 31. e6 fxe6 32. Qxe6+ Kh8 33. Bxd5
Rc1 34. Bb3 Rxf1+ 35. Kxf1 Qc1+ 36. Qe1 Qc6 37. f3 Re8 38. Qd2 Qb5+ 39. Kf2
Qc5+ 40. Kg2 Re2+ 41. Qxe2 Nf4+ 42. Kf1 Nxe2 43. Kxe2 Qe5+ 44. Kf2 g5 45. Kg2
h5 46. h4 Qe2+ 47. Kh3 Qf1+ 48. Kh2 gxh4 49. Rg8+ Kh7 50. Rg1 Qxf3 51. Bc2+ Kh8
52. Bb3 Qf4+ 1/2-1/2

[Event "4NCL"]
[Site "De Vere, Wokefield Park, ENG"]
[Date "2011.02.20"]
[Round "6.12"]
[White "Snape, Ian L"]
[Black "Sowray, Peter J"]
[Result "1-0"]
[WhiteElo "2228"]
[BlackElo "2340"]
[PlyCount "59"]
[EventDate "2011.??.??"]
[WhiteTeam "The AD's"]
[BlackTeam "Wood Green Hilsmark 2"]

1. e4 e5 2. f4 exf4 3. Nf3 g5 4. d4 Bg7 5. Bc4 d6 6. g3 h6 7. gxf4 g4 8. Rg1
gxf3 9. Rxg7 Qh4+ 10. Rg3 Bg4 11. Qd3 Nf6 12. Be3 Nc6 13. Nd2 d5 14. Bxd5 Nxd5
15. exd5 Ne7 16. Qb5+ Kf8 17. O-O-O Qh5 18. Re1 Rg8 19. f5 Nxf5 20. Qc5+ Kg7
21. Rxg4+ Qxg4 22. Rg1 Kh8 23. Rxg4 Rxg4 24. d6 Nxd6 25. Nxf3 Re8 26. Qh5 Ree4
27. b3 Rg2 28. Qh3 Re2 29. Bxh6 f6 30. Bg5+ 1-0

[Event "4NCL"]
[Site "De Vere, Wokefield Park, ENG"]
[Date "2011.02.20"]
[Round "6.12"]
[White "Pein, Malcolm"]
[Black "Anderton, David W"]
[Result "1-0"]
[WhiteElo "2390"]
[BlackElo "2208"]
[PlyCount "107"]
[EventDate "2011.??.??"]
[WhiteTeam "Wood Green Hilsmark 2"]
[BlackTeam "The AD's"]

1. e4 e6 2. d4 d5 3. Nc3 Nf6 4. Bg5 Bb4 5. e5 h6 6. Bd2 Bxc3 7. bxc3 Ne4 8. Qg4
g6 9. Qd1 c5 10. Bd3 Nxd2 11. Qxd2 Qa5 12. Nf3 Nc6 13. dxc5 Qxc5 14. O-O Bd7
15. Rab1 Na5 16. h4 Rc8 17. Rfe1 a6 18. Nh2 h5 19. Nf3 Qc7 20. Ng5 O-O 21. Nh3
Kg7 22. Qg5 Qd8 23. Qg3 Rh8 24. Re3 Be8 25. Ng5 Qe7 26. Rb4 Rxc3 27. Rf4 Nc4
28. Bxc4 Rxc4 29. Rxc4 dxc4 30. Rf3 Rf8 31. Rf6 Qd7 32. Qf4 b5 33. Nxe6+ Qxe6
34. Rxe6 fxe6 35. Qe4 Bf7 36. Qd4 Rc8 37. Qb6 c3 38. Qxa6 Rc5 39. Qa5 Kg8 40.
Qa8+ Kg7 41. Qa5 Kg8 42. a4 Rxe5 43. Qxc3 Rd5 44. a5 e5 45. a6 Rd4 46. a7 Bd5
47. a8=Q+ Bxa8 48. Qc8+ Kf7 49. Qxa8 b4 50. g3 Kf6 51. Kg2 Kf7 52. Qb8 Kf6 53.
Qf8+ Ke6 54. Qg7 1-0

[Event "4NCL"]
[Site "De Vere, Wokefield Park, ENG"]
[Date "2011.02.20"]
[Round "6.12"]
[White "Swindells, Jonathan E"]
[Black "Lindner, Daniel"]
[Result "1/2-1/2"]
[WhiteElo "2170"]
[BlackElo "2237"]
[PlyCount "28"]
[EventDate "2011.??.??"]
[WhiteTeam "The AD's"]
[BlackTeam "Wood Green Hilsmark 2"]

1. e4 e5 2. Nc3 Nf6 3. Bc4 Nc6 4. d3 Bb4 5. Nge2 d5 6. exd5 Nxd5 7. O-O Be6 8.
Ne4 O-O 9. Bg5 f6 10. a3 Be7 11. Be3 b6 12. N2c3 Kh8 13. Nxd5 Bxd5 14. Bxd5
Qxd5 1/2-1/2

[Event "4NCL"]
[Site "De Vere, Wokefield Park, ENG"]
[Date "2011.02.20"]
[Round "6.12"]
[White "Hegarty, Sarah N"]
[Black "Bellin, Jana"]
[Result "1/2-1/2"]
[WhiteElo "2096"]
[BlackElo "2137"]
[PlyCount "28"]
[EventDate "2011.??.??"]
[WhiteTeam "Wood Green Hilsmark 2"]
[BlackTeam "The AD's"]

1. e4 c5 2. Nf3 e6 3. d4 cxd4 4. Nxd4 a6 5. Nc3 Qc7 6. Bd3 Nf6 7. O-O Nc6 8.
Nb3 Be7 9. Be3 b5 10. f4 d6 11. Kh1 Bb7 12. a4 b4 13. Ne2 O-O 14. Ng3 Rfe8
1/2-1/2

[Event "4NCL"]
[Site "De Vere, Wokefield Park, ENG"]
[Date "2011.02.20"]
[Round "6.13"]
[White "Ledger, Andrew J"]
[Black "Capucci, Marcos"]
[Result "1-0"]
[WhiteElo "2429"]
[BlackElo "2229"]
[PlyCount "65"]
[EventDate "2011.??.??"]
[WhiteTeam "Betsson.com"]
[BlackTeam "Pandora's Box Grantham"]

1. d4 Nf6 2. c4 g6 3. g3 Bg7 4. Bg2 O-O 5. Nc3 d6 6. Nf3 c5 7. d5 e6 8. O-O
exd5 9. cxd5 Re8 10. Nd2 Nbd7 11. a4 a6 12. h3 Rb8 13. Nc4 Nb6 14. Na3 Nxa4 15.
Qxa4 b5 16. Qb3 Bb7 17. Nd1 c4 18. Nxc4 bxc4 19. Qxc4 Nd7 20. Be3 Ne5 21. Qa2
Rc8 22. Qb3 Qd7 23. Ra4 Qc7 24. Nc3 Nd7 25. Ne4 Nf6 26. Nxd6 Qxd6 27. Qxb7 Rc2
28. Rxa6 Qe5 29. Ra7 Kh8 30. Qxf7 Rg8 31. Bf3 Rxb2 32. Rd1 Qf5 33. Bd4 1-0

[Event "4NCL"]
[Site "De Vere, Wokefield Park, ENG"]
[Date "2011.02.20"]
[Round "6.13"]
[White "Burrows, Martin P"]
[Black "Ansell, Simon T"]
[Result "0-1"]
[WhiteElo "2168"]
[BlackElo "2423"]
[PlyCount "72"]
[EventDate "2011.??.??"]
[WhiteTeam "Pandora's Box Grantham"]
[BlackTeam "Betsson.com"]

1. e4 c5 2. Nf3 Nc6 3. d4 cxd4 4. Nxd4 e5 5. Nb5 d6 6. c4 Be7 7. N1c3 a6 8. Na3
Nf6 9. Be2 O-O 10. O-O Nd4 11. Be3 Nxe2+ 12. Qxe2 Be6 13. h3 Rc8 14. Rac1 Rc6
15. Qd3 Nd7 16. b4 Bg5 17. Nd5 Bxe3 18. Qxe3 g6 19. Nb1 f5 20. exf5 gxf5 21. f4
b5 22. Qf3 Rxc4 23. Rxc4 bxc4 24. Nbc3 Rf7 25. Qe3 Rg7 26. Rd1 Kh8 27. Kh2 Bg8
28. Qf2 Qf8 29. Qf1 exf4 30. Qxc4 f3 31. gxf3 Ne5 32. Qf4 Qe8 33. Rg1 Rxg1 34.
Kxg1 Bxd5 35. Qd4 Qg6+ 36. Kf2 Bxf3 0-1

[Event "4NCL"]
[Site "De Vere, Wokefield Park, ENG"]
[Date "2011.02.20"]
[Round "6.13"]
[White "Bates, Richard A"]
[Black "Birtwistle, Nigel"]
[Result "1-0"]
[WhiteElo "2370"]
[BlackElo "2229"]
[PlyCount "53"]
[EventDate "2011.??.??"]
[WhiteTeam "Betsson.com"]
[BlackTeam "Pandora's Box Grantham"]

1. d4 Nf6 2. Nf3 c5 3. d5 g6 4. c4 b5 5. Qc2 bxc4 6. e4 d6 7. Bxc4 Bg7 8. O-O
O-O 9. h3 Ba6 10. Na3 Nfd7 11. Bd2 Nb6 12. Bxa6 Nxa6 13. Bc3 Nb4 14. Qe2 Rb8
15. Nb5 a6 16. Bxg7 Kxg7 17. Nc3 c4 18. Nd4 Qd7 19. a3 Nd3 20. Nc6 Rbc8 21. Qe3
Nc5 22. a4 e5 23. a5 Na8 24. Na4 Nb3 25. Ra2 Qc7 26. Nb6 Nxa5 27. Nxa8 1-0

[Event "4NCL"]
[Site "De Vere, Wokefield Park, ENG"]
[Date "2011.02.20"]
[Round "6.13"]
[White "Cumbers, Paul"]
[Black "Duncan, Chris R"]
[Result "0-1"]
[WhiteElo "2214"]
[BlackElo "2314"]
[PlyCount "50"]
[EventDate "2011.??.??"]
[WhiteTeam "Pandora's Box Grantham"]
[BlackTeam "Betsson.com"]

1. d4 d5 2. c4 c6 3. Nc3 Nf6 4. Nf3 dxc4 5. a4 c5 6. d5 Bf5 7. e3 e6 8. Bxc4
exd5 9. Nxd5 Nc6 10. Qb3 Qd7 11. O-O Na5 12. Ne5 Nxb3 13. Nxd7 Nxa1 14. N7xf6+
gxf6 15. Nc7+ Kd8 16. Nxa8 Be6 17. b3 Nxb3 18. Bb2 Be7 19. Be2 Kc8 20. a5 Rd8
21. Bf3 Nd2 22. a6 Nxf1 23. axb7+ Kb8 24. Bc3 Bd5 25. Ba5 Bxf3 0-1

[Event "4NCL"]
[Site "De Vere, Wokefield Park, ENG"]
[Date "2011.02.20"]
[Round "6.13"]
[White "Wells, Daniel J"]
[Black "Ledger, Stephen C"]
[Result "1/2-1/2"]
[WhiteElo "1997"]
[BlackElo "2060"]
[PlyCount "41"]
[EventDate "2011.??.??"]
[WhiteTeam "Pandora's Box Grantham"]
[BlackTeam "Betsson.com"]

1. e4 c5 2. Nf3 Nc6 3. Bb5 g6 4. Bxc6 dxc6 5. d3 Bg7 6. h3 Nf6 7. Nc3 O-O 8.
Be3 Nd7 9. Qd2 e5 10. Nh2 Qe7 11. Bh6 f6 12. O-O-O Rd8 13. Bxg7 Qxg7 14. f4 Nf8
15. fxe5 fxe5 16. Qe3 Ne6 17. Rdf1 Nd4 18. Nf3 Be6 19. Ng5 Rf8 20. Nxe6 Nxe6
21. Ne2 1/2-1/2

[Event "4NCL"]
[Site "De Vere, Wokefield Park, ENG"]
[Date "2011.02.20"]
[Round "6.13"]
[White "Yurenok, Maria S"]
[Black "Martin, Katie A"]
[Result "1-0"]
[WhiteElo "2092"]
[BlackElo "1901"]
[PlyCount "73"]
[EventDate "2011.??.??"]
[WhiteTeam "Betsson.com"]
[BlackTeam "Pandora's Box Grantham"]

1. d4 Nf6 2. c4 g6 3. Nc3 Bg7 4. e4 d6 5. f3 Nbd7 6. Be3 e5 7. d5 a5 8. Nge2
Nc5 9. Qd2 h5 10. Nc1 b6 11. Nd3 Nfd7 12. O-O-O Ba6 13. Nf2 Nf6 14. Be2 Qd7 15.
Nb5 Bxb5 16. cxb5 a4 17. Kb1 Ra7 18. h4 O-O 19. a3 Qc8 20. Qc2 Nb3 21. Nd3 Nd7
22. Nb4 Na5 23. g4 Nf6 24. gxh5 Nxh5 25. Rdg1 Kh7 26. f4 Bh6 27. Bxh5 gxh5 28.
Qe2 exf4 29. Bd4 Qe8 30. Bf6 Ra8 31. Ka2 Rg8 32. Qxh5 Rg6 33. Qf5 Qxb5 34. h5
Qc4+ 35. Kb1 Re8 36. hxg6+ fxg6 37. Qd7+ 1-0

[Event "4NCL"]
[Site "De Vere, Wokefield Park, ENG"]
[Date "2011.02.20"]
[Round "6.14"]
[White "Hainke, Guntram"]
[Black "Gormally, Daniel W"]
[Result "0-1"]
[WhiteElo "2295"]
[BlackElo "2484"]
[PlyCount "68"]
[EventDate "2011.??.??"]
[WhiteTeam "Warwickshire Select 1"]
[BlackTeam "Cheddleton 1"]

1. d4 Nf6 2. c4 e6 3. Nc3 Bb4 4. e3 O-O 5. Bd3 d5 6. Nf3 c5 7. O-O dxc4 8. Bxc4
Nbd7 9. a3 Ba5 10. Qe2 cxd4 11. exd4 Bxc3 12. bxc3 b6 13. Bg5 Bb7 14. Rac1 Qc7
15. Bd3 Ng4 16. Be4 Bxe4 17. Qxe4 Ngf6 18. Qh4 Qd6 19. Rfe1 Qxa3 20. Ne5 Rfc8
21. c4 Nxe5 22. dxe5 Nd7 23. Be7 Qb2 24. Bd6 a5 25. Qg3 a4 26. Ba3 Qa2 27. h4
Rxc4 28. h5 Rxc1 29. Bxc1 Qb3 30. Qg4 a3 31. h6 g6 32. Qd4 Qd5 33. Qxd5 exd5
34. Bd2 d4 0-1

[Event "4NCL"]
[Site "De Vere, Wokefield Park, ENG"]
[Date "2011.02.20"]
[Round "6.14"]
[White "Hawkins, Jonathan"]
[Black "Mason, Donald J"]
[Result "1-0"]
[WhiteElo "2429"]
[BlackElo "2255"]
[PlyCount "73"]
[EventDate "2011.??.??"]
[WhiteTeam "Cheddleton 1"]
[BlackTeam "Warwickshire Select 1"]

1. d4 Nf6 2. c4 e6 3. Nf3 c5 4. d5 d6 5. Nc3 exd5 6. cxd5 g6 7. Bf4 a6 8. a4
Bg7 9. h3 O-O 10. e3 Nh5 11. Bh2 f5 12. Be2 f4 13. O-O Nd7 14. Nd2 fxe3 15.
fxe3 Rxf1+ 16. Nxf1 Ne5 17. Bxh5 gxh5 18. Qxh5 Bd7 19. Nd2 Be8 20. Qe2 Bg6 21.
Nde4 Qe7 22. Rf1 Rd8 23. Bg3 Bxe4 24. Nxe4 Ng6 25. Qc2 Be5 26. Bxe5 Qxe5 27.
Nf6+ Kg7 28. Qb3 b5 29. Ng4 c4 30. Rf7+ Kxf7 31. Nxe5+ Nxe5 32. Qb4 Ke7 33.
axb5 Rb8 34. b6 Nd7 35. Qxc4 Rxb6 36. Qe4+ Kd8 37. Qxh7 1-0